| 000 | 00942nam0a22002891 4500 | ||
|---|---|---|---|
| 001 | rc\4531861 | ||
| 005 | 20250612111204.0 | ||
| 021 |
_aRU _b[67-87606] |
||
| 035 | _a(NLR Aleph) 008630219 | ||
| 090 |
_a8877628 _c8877628 |
||
| 100 | _a20130416d1967 |||y0rusy50 ca | ||
| 101 | 0 | _arus | |
| 102 | _aRU | ||
| 105 | _aa z ||||| | ||
| 200 | 1 | _aМедный всадник | |
| 210 |
_aЛенинград _cЛениздат _d1967 |
||
| 215 |
_a35 с. _cил. _d14 |
||
| 225 | 1 | _aТуристу о Ленинграде | |
| 300 | _aНа обл. авт. не указан | ||
| 606 |
_aСкульптурные памятники _yЛенинград _2psbo |
||
| 606 |
_aМонументальная скульптура, русская _z18 в. _2psbo |
||
| 700 | 1 |
_aКлюевская _bК.В. _gКира Викторовна |
|
| 801 | 0 |
_aRU _bNLR _gpsbo |
|
| 801 | 1 |
_aRU _bELAR _2rusmarc |
|
| 852 |
_aNLR _j67-1/911 |
||
| 942 | _cBOOK | ||
| 980 | _aNB | ||